000
00335nam a22001457a 4500
005
20200531152604.0
008
200531b xxu||||| |||| 00| 0 eng d
041
_a
eng
082
_a
340
100
_a
BARE ACT
_9
5744
245
_a
THE SARAIS ACT, 1867
260
_a
DELHI
_b
PROFESSIONALS BOOK PUBLISHERS
300
_a
5;p
942
_c
BK
999
_c
6730
_d
6728